NLSUI OPAC header image

Policy and Law in Juvenile Justice (Record no. 34301)

MARC details
000 -LEADER
fixed length control field 00507nam a2200193Ia 4500
003 - CONTROL NUMBER IDENTIFIER
control field OSt
005 - DATE AND TIME OF LATEST TRANSACTION
control field 20211231150543.0
008 - FIXED-LENGTH DATA ELEMENTS--GENERAL INFORMATION
fixed length control field 160316s9999 xxu||||| |||| 00| 0 eng d
040 ## - CATALOGING SOURCE
Transcribing agency .
082 ## - DEWEY DECIMAL CLASSIFICATION NUMBER
Classification number 346.017 MIT
Item number MIT
100 ## - MAIN ENTRY--PERSONAL NAME
Personal name Mitra N L
245 ## - TITLE STATEMENT
Title Policy and Law in Juvenile Justice
260 ## - PUBLICATION, DISTRIBUTION, ETC.
Place of publication, distribution, etc. Bangalore
Name of publisher, distributor, etc. NLSIU
Date of publication, distribution, etc. 0
300 ## - PHYSICAL DESCRIPTION
Extent 140
650 ## - SUBJECT ADDED ENTRY--TOPICAL TERM
Topical term or geographic name entry element 1. Juvenile Justice2. Policy and Law
700 ## - ADDED ENTRY--PERSONAL NAME
Personal name
--
856 ## - ELECTRONIC LOCATION AND ACCESS
Uniform Resource Identifier <a href="http://opac.nls.ac.in:8081/xmlui/handle/123456789/1051">http://opac.nls.ac.in:8081/xmlui/handle/123456789/1051</a>
942 ## - ADDED ENTRY ELEMENTS (KOHA)
Source of classification or shelving scheme Dewey Decimal Classification
Koha item type Repository
Holdings
Withdrawn status Lost status Damaged status Not for loan Home library Current library Shelving location Date acquired Total Checkouts Full call number Barcode Date last seen Price effective from Koha item type
        . .   30.05.2017   346.017 MIT REP11013 30.05.2017 30.05.2017 Repository